000
00210 a2200097 4500
001
10066
100
_a
Mckitterick, T.E.M.
245
_a
Fabian international es
260
_a
_b
Hogarth
_c
090
_c
7818
_d
7818
942
_a
NUST-CAE
_c
M
_c
34509
999
_c
245139
_d
245139